000 00752nam a22002657a 4500
999 _c8557
_d8557
001 22600
003 BD-DhUAP
005 20250308131148.0
008 250308b20222024ii ||||| |||| 001 0ceng d
020 _a9789388918428
040 _aDLC
_cDLC
_dBD-DhUAP
_beng
082 0 0 _a346.540436 MUL
_223
110 1 _aIndia (Republic).
_kLaws, statutes, etc.
245 1 0 _aMulla on the Transfer of property act, 1882.
250 _aReprint 2024.
260 _aIndia :
_bDelhi Law House,
_c2024.
300 _acci, 1408 p.
_c25 cm.
650 0 _aTransfer (Law)
_zIndia.
700 1 _aMulla,
700 1 _aBendale, Dr. Ujwala
700 1 _aShaik, Dr. Rasheed
740 0 _aTransfer of property act.
942 _2ddc
_cBK